01142nam a2200265 a 450000100060000000300080000600500170001400800390003102000150007003500190008504000320010404100080013608200250014424501330016926000560030230000340035850001760039250400530056865000390062165000320066070000290069270000190072171000590074071000770079936983BD-RjUL20211209052550.0140929s1991 dcua b 001 0 eng a084121994X a(BD-RjUL)37085 aDLCcDLCdDLCdBD-RjULbeng aeng00a628.52220bPES 199100aPesticide transformation products :bfate and significance in the environment /cL. Somasundaram, editor, Joel R. Coats, editor. aWashington, DC :bAmerican Chemical Society,c1991. axii, 305 p. :bill. ;c24 cm. a"Developed from a symposium sponsored by the Division of Agrochemicals at the 200th National Meeting of the American Chemical Society, Washington, DC, August 26-31, 1990." aIncludes bibliographical references and indexes. 0aPesticidesxEnvironmental aspects. 0aPesticidesxBiodegradation.1 aSomasundaram, L.,d1961-1 aCoats, Joel R.2 aAmerican Chemical Society.bDivision of Agrochemicals.2 aAmerican Chemical Society.bMeetingn(200th :d1990 :cWashington, D.C.)